000 00622nam a2200229Ia 4500
003 OSt
005 20220928151721.0
006 a|||||r|||| 00| 0
007 ta
008 220927b |||||||| |||| 00| 0 eng d
024 _a131234
037 _cTextual
040 _aSDCL
_cSDCL
_beng
041 _2eng
_aeng
082 _aO-,4M09x, M1.1
100 _aLang Cecil Y. Ed.
_9518220
245 0 _aLetters of Alfred Lord Tennyson
260 _c1981
700 _a Shannon Edgar F. Ed.
_9518221
942 _hO-,4M09x, M1.1
_cTEXL
_2CC
999 _c852929
_d852929